header

The economics of network industries (Record no. 20048)

MARC details
000 -LEADER
fixed length control field 01252nam a22003374a 4500
082 04 - DEWEY DECIMAL CLASSIFICATION NUMBER
Classification number 303.48/33
100 1# - MAIN ENTRY--AUTHOR NAME
Personal name Shy, Oz.
245 14 - TITLE STATEMENT
Title The economics of network industries
260 ## - PUBLICATION, DISTRIBUTION, ETC. (IMPRINT)
Place of publication Cambridge, U.K.
-- New York :
Name of publisher Cambridge University Press,
Year of publication 2001.
300 ## - PHYSICAL DESCRIPTION
Number of Pages xiii, 315 p.
650 #0 - SUBJECT ADDED ENTRY--TOPICAL TERM
Topical Term Computer industry.
Topical Term Computer networks.
Topical Term Electronic data interchange.
Topical Term Electronic commerce.
856 40 - ELECTRONIC LOCATION AND ACCESS
Uniform Resource Identifier http://site.ebrary.com/lib/rucke/Doc?id=5007864

No items available.

© 2026 Rongo University
Contact us: librarian | system librarian | Rongo university